Business Communication Today (Record no. 22106)
[ view plain ]
| 000 -LEADER | |
|---|---|
| fixed length control field | 00389nam a22001577a 4500 |
| 020 ## - INTERNATIONAL STANDARD BOOK NUMBER | |
| ISBN | 978-1-292-35314-2 |
| 082 ## - DEWEY DECIMAL CLASSIFICATION NUMBER | |
| Classification number | 658.45 |
| 100 ## - MAIN ENTRY--AUTHOR NAME | |
| Personal name | Bovee, Courtland L. |
| 245 ## - TITLE STATEMENT | |
| Title | Business Communication Today |
| 250 ## - EDITION STATEMENT | |
| Edition statement | 15th |
| 260 ## - PUBLICATION, DISTRIBUTION, ETC. (IMPRINT) | |
| Place of publication | Harlow: |
| Name of publisher | Pearson Education, |
| Year of publication | 2024 |
| 300 ## - PHYSICAL DESCRIPTION | |
| Number of Pages | 704p.: ill.; 28cm |
| 500 ## - GENERAL NOTE | |
| General note | TABLE OF CONTENTS: |
| 700 ## - ADDED ENTRY--PERSONAL NAME | |
| Personal name | Thill, John V. |
| 942 ## - ADDED ENTRY ELEMENTS (KOHA) | |
| Koha item type | Books |
| Withdrawn status | Lost status | Damaged status | Not for loan | Collection code | Permanent Location | Current Location | Shelving location | Date acquired | Source of acquisition | Full call number | Accession Number | Price effective from | Koha item type |
|---|---|---|---|---|---|---|---|---|---|---|---|---|---|
| Non-fiction | IFM Main Campus Library | IFM Main Campus Library | Work Room processing | 10/27/2025 | Purchase | 658.45 BOV | 0000030367 | 10/27/2025 | Books | ||||
| Non-fiction | IFM Main Campus Library | IFM Main Campus Library | Work Room processing | 10/27/2025 | Purchase | 658.45 BOV | 0000030366 | 10/27/2025 | Books | ||||
| Non-fiction | IFM Main Campus Library | IFM Main Campus Library | Work Room processing | 10/27/2025 | Purchase | 658.45 BOV | 0000030368 | 10/27/2025 | Books |
